000
00305nam a2200121Ia 4500
008
220216s9999 xx 000 0 und d
100
_a
Majumdar Samir
245
0
_a
Know your radial tyre better
260
_b
Rubber International Magazine
_c
2009
300
_a
44-49
650
_a
Radial tyre
942
_c
JS
999
_c
61878
_d
61878